00527nam a2200169Ia 4500008004100000100001800041245007400059260000900133300001300142504000800155650001100163700002000174773002800194906001100222999001900233952010500252181130s2018 xx 000 0 und d aSunil, Soorya aMoral identity and its links to ethical ideology and civic engagement c2018 ap.73-82. dMay aEthics aVerma, Sunil K. aJournal of Human Values aEthics c506368d506368 00104070aIIPAbIIPAd2018-12-07h24(2), May, 2018: p.73-82.pAR118163r2018-12-07w2018-12-07yAR